00844 2200313 4500001002100000005001500021035002000036007000300056040001700059100003100076245004600107250001200153300002800165041000800193082000800201084001400209090001900223264004900242336002100291337003000312338002300342650001000365850001000375008004100385020002200426700003400448990002400482990002400506INLIS00000000000831720260526114516 a0010-0922000806ta aSBPUPADbind0 aTomoko HayakawaePengarang1 aPerfect Girl Evolution /cTomoko Hayakawa a.-cet,1 a66 hlm :bilus ;c18 cm aind a813 a813 TOM p a813 FER s 24-9 a,--Jakarta; :bElex Media Komputindo;,c2008 2rdacontentateks 2rdamediaatanpa perantara 2rdacarrieravolume 4akomik aPUPAD260526 1  a978-979-27-3001-2 aPenerjemah, LennyePengarang a7551/ARPUS/PDG/2008 a7552/ARPUS/PDG/2008